00757nam a2200217 a 450000100060000000300080000600500170001400800410003103500190007204000320009104100110012308200200013410000350015424501350018926000380032430000310036250400200039360000340041365000530044770000390050023261BD-RjUL20211209000918.0140310s1954 enk 001 0aeng d a(BD-RjUL)23326 aIRUcIRUdOCLdBD-RjULbeng1 aengfre a846.8bFLS 19541 aFlaubert, Gustave,d1821-1880.14aThe selected letters of Gustave Flaubert. /cGustave Flaubert ; translated and edited with an introduction by Francis Steegmuller. aLondon :bHamish Hamilton,c1954. a254 p. :billus. ;c23 cm. aIncludes index.10aFlaubert, Gustave,d1821-1880 0aNovelists, Frenchy19th centuryxCorrespondence.1 aSteegmuller, Francis,d1906-1994 .